书目信息 |
| 书名: | 生物物理学、生物化学、物理生物学、微生物学、遗传学 | |
| 作者: | 沙玛尔吉娜. | |
| 分册号: | ||
| 分册名: | 出版地: | 莫斯科 : |
|
| 出版社: | 外国文学出版社 | |
| 出版时间: | 1958. | |
| 页数: | 127 p. ; | |
| 开本: | 23cm. | |
| 丛书名: | ||
| 中图分类号: | ||
| 科图分类号: | ||
| 其他分类号: | Q-0 | |
| 主题词: | ||
| 电子资源: | ||
| 000 | 00418nam 2200157 a 4500 | |
| 001 | E0729636208 | |
| 005 | 20070807081755.67 | |
| 008 | 070807s1958 00010 eng | |
| 040 | @aPFT@bchi | |
| 041 | @achi@hrus | |
| 090 | @aQ-0 | |
| 099 | @dQ-0@ex3 | |
| 245 | 1 | @a生物物理学、生物化学、物理生物学、微生物学、遗传学 / @c沙玛尔吉娜. |
| 260 | @a莫斯科 :@b外国文学出版社,@c1958. | |
| 300 | @a127 p. ;@c23cm. | |
| 700 | @a沙玛尔吉娜 | |
| 生物物理学、生物化学、物理生物学、微生物学、遗传学 / / 沙玛尔吉娜.-莫斯科 : : 外国文学出版社, , 1958. |
| 127 p. ; ; 23cm. |
| ISBN |
| ● |
| 相关链接 |
|
|
|
|
正题名:生物物理学、生物化学、物理生物学、微生物学、遗传学
索取号:Q-0/x3
 
预约/预借
| 序号 | 登录号 | 条形码 | 馆藏地/架位号 | 状态 | 备注 |
| 1 | 15429 | 300154295 | 密集书库/ [索取号:Q-0/x3] | 在馆 |